Music Quiz

Random Music or Artist Quiz

Bands That Should Play Together II Quiz Stats

 Plays Quiz Updated Jun 2, 2019

Score 0/30 Timer 05:00
4 Plays Today
% Correct
Tommy Guns
95.5%
Goo Goo Gaga
95.5%
Big Mac
94.7%
Richie Rich
94.7%
Berry Jam
94%
Page Turner
93.7%
House Keys
93.2%
No Chance
93%
Tom Cat
92.1%
Airplane Pilots
91.1%
Kool Aid
89.6%
Happy Days
88.5%
More Chocolate
88.3%
Service Dog
86.9%
Bat Man
86.3%
% Correct
Peter Rabbit
84.4%
Micky Mouse
84%
Cash Money
83.5%
Flash Dance
83.4%
Down Jacket
83.3%
Buffalo Wings
83.2%
Bruce Wayne
82.9%
Sonic Shakes
81.9%
Saint Nick
81.7%
Three Stooges
79.7%
Power Ranger
78.1%
Foster Grant
77.9%
Apple Juice
76.4%
Buck Naked
76.3%
Baby Bottle
75%

You're not logged in!

Compare scores with friends on all Sporcle quizzes.
OR
Log In

Sporcle TV

Today on Sporcle TV


Watch our educational content, quiz creation guides, and fun videos on Sporcle TV.

Show Comments

Extras

Top Quizzes Today


Score Distribution

Your Account Isn't Verified!

In order to create a playlist on Sporcle, you need to verify the email address you used during registration. Go to your Sporcle Settings to finish the process.

Report this User

Report this user for behavior that violates our Community Guidelines.

Details: